000 00811cam9a220025300 4500
001 tmp15678461
003 UPRA
005 20190815103334.0
008 951002s1961 nyu eng u
035 _a(Sirsi) r77502
035 _a(UPRA)tmp15678461
040 _cUPRA
100 1 _aMenninger, Karl Augustus.
_6A37419.1
245 1 0 _aTheory of psychoanalytic technique.
260 _aNew York :
_bScience Editions,
_c1961.
440 0 _aMenninger clinic monograph series ;
_v;no. 12
_6S2818.2
500 _aFirst published in 1958.
504 _aBibliography: p. [181]- 189.
650 0 _aPsychoanalysis.
_6S3157.1
650 0 _aPsychoanalytic technique.
_6S29444.1
949 _aRC504
_wlcc
_i33729000407739
_mMAIN
_tBOOK
_lON-SHELF
949 _aRC504
_wlcc
_i-106351
_mMAIN
_tBOOK
_lON-SHELF
004 77502
999 _c65674
_d65673